000 01275namaa22003131i 4500
003 EG-GICUC
005 20260503134918.0
008 260503s2025 ye ||||jr|||| 000 0 ara d
040 _aEG-GiCUC
_bara
_cEG-GiCUC
_dEG-GiCUC
_erda
043 _aa-ye---
082 0 4 _221
_a070.509532
_bF146
092 0 4 _221
_a070.509532
_bF146
099 _a070.509532 F146
100 1 _aفضلى، عبد الله على
_d1956-
_eمؤلف.
245 1 _aقبسات وإضاءات من عالم النشر فى اليمن إلى فضاءات عربية وعالمية :
_bرؤى وحلول /
_cتأليف وتحرير الدكتور عبد الله على الفضلى
250 _aالطبعة الاولى
264 _aصنعاء (اليمن) :
_bمكتبة خالد ابن الوليد،
_c2025.
300 _a؛ 292
_c24 سم
336 _2rdacontent
_atext
337 _2rdamedia
_aUnmediated
338 _2rdacarrier
_avolume
504 _aيشتمل على ارجاعات ببليوجرافية
541 _aد. عبد الله على الفضلى ؛
_bالقاهرة ؛
_cإهداء ؛
_d2025.
650 1 7 _aنشر الكتب
_zاليمن
_2qrmak
650 1 7 _aالكتب
_xصناعة وتجارة
_2qrmak
651 1 _2qrmak
905 _aHuda
942 _2ddc
_cBK
_e21
_n0
999 _c179927
_d179927